Súvislosti a podmienenosti makroekonomických, mezzoekonomických a mikroekonomických zmien v národnom hospodárstve záverečná práca postgraduálneho štúdia

Na minha lista:
Detalhes bibliográficos
Autor principal: Žalúdková, Mária
Autor Corporativo: Vysoká škola ekonomická v Bratislave
Outros Autores: Mokrý, Vladimír
Formato: Livro
Idioma:eslovaco
Publicado em: Bratislava 1990
Tags: Adicionar Tag
Sem tags, seja o primeiro a adicionar uma tag!

MARC

LEADER 00000nam a2200000 4500
001 c029407
005 20260108101218.6
041 0 |a slo 
044 |a SK 
245 1 0 |a Súvislosti a podmienenosti makroekonomických, mezzoekonomických a mikroekonomických zmien v národnom hospodárstve  |b záverečná práca postgraduálneho štúdia  |c Mária Žalúdková ; Ved. práce Vladimír Mokrý 
264 1 |a Bratislava  |c 1990 
300 |a 46 s. 
100 1 |a Žalúdková, Mária 
700 1 |a Mokrý, Vladimír 
710 2 |a Vysoká škola ekonomická v Bratislave